| 000 | 00763nam a22002057a 4500 | ||
|---|---|---|---|
| 003 | JO-AjAnu | ||
| 005 | 20231202141911.0 | ||
| 008 | 231202b jo ||||| |||| 00| 0 ara d | ||
| 020 | _a9789957190811 | ||
| 040 |
_aJO-AjAnu _bARA _cJO-AjAnu |
||
| 041 | _aARA | ||
| 050 |
_aPJ7505.5 _aG42 _a2023 |
||
| 100 |
_a عبد الخالق، غسان إسماعيل _964570 _e[معد ومترجم] |
||
| 245 | 0 | 0 |
_aوليد سيف اكاديميا ومبدعا وملهما / _cغسان اسماعيل عبد الخالق |
| 250 | _aالطبعة الاولى | ||
| 260 |
_aعمان : _bدار الاهلية للنشر والتوزيع، _c2023 |
||
| 300 | _a288صفحة | ||
| 650 | 0 |
_aادب عربي - تاريخ ونقد - وليد سيف _964571 |
|
| 942 |
_2lcc _cBK _n0 |
||
| 999 |
_c33210 _d33210 |
||